Normal view
MARC view
- Edwards.P.etal
Entry Personal Name
001 - CONTROL NUMBER
- control field: 4565
003 - CONTROL NUMBER IDENTIFIER
- control field: OSt
005 - DATE AND TIME OF LATEST TRANSACTION
- control field: 20171128123926.0
008 - FIXED-LENGTH DATA ELEMENTS
- fixed length control field: 171128|| aca||aabn | a|a d
040 ## - CATALOGING SOURCE
- Original cataloging agency: OSt
- Transcribing agency: OSt
100 ## - HEADING--PERSONAL NAME
- Personal name: Edwards.P.etal
670 ## - SOURCE DATA FOUND
- Source citation: Work cat.: (OSt): Edwards.P.etal, Philosophy, 1957